000 00414nam a2200181Ia 4500
001 2104
005 20260306143817.0
008 260306t2019||||xx |||||||||||||| ||spa||
041 _aESP
082 _a612.8
_bR34
100 _aRedolar Ripoll, Diego
_eAUT
245 0 _aPsicobiologĂ­a
260 _c2019
300 _axx, 677 páginas :
_c28 cm.
650 _aGEN
654 _aCPS
942 _cLIB
_dJUS
_fJUS
_2ddc
_n
999 _c2104
_d2104